[Event "AUTO-OPEN-3759"]
[Site "http://www.queenalice.com/game.php?id=1473824"]
[Date "2017.4.17"]
[Round "2"]
[White "sinTeoria"]
[Black "CountOfMonteCristo"]
[Result "1-0"]
[WhiteElo "2248"]
[BlackElo "2006"]

1. d4 e6 2. c4 Bb4+ 3. Bd2 Bxd2+ 4. Qxd2 b6 5. e4 Bb7 6. Nc3 Nh6 7. Nf3 O-O 8.
Bd3 f5 9. O-O fxe4 10. Bxe4 Bxe4 11. Nxe4 Nf7 12. Rfe1 Nc6 13. Rad1 Ne7 14. Nc3
1-0

[Event "AUTO-OPEN-3759"]
[Site "http://www.queenalice.com/game.php?id=1473825"]
[Date "2017.4.17"]
[Round "2"]
[White "CountOfMonteCristo"]
[Black "sinTeoria"]
[Result "0-1"]
[WhiteElo "2013"]
[BlackElo "2243"]

1. e4 c5 2. Nf3 Nc6 3. Bb5 e6 4. O-O d6 5. Re1 Bd7 6. c3 Nf6 7. d4 Be7 8. d5 Ne5
9. Bxd7+ Qxd7 10. Nxe5 dxe5 11. c4 O-O 12. Nc3 Rfd8 0-1

[Event "AUTO-MASTER-2565"]
[Site "http://www.queenalice.com/game.php?id=1477010"]
[Date "2017.5.6"]
[Round "2"]
[White "CCapivara"]
[Black "sinTeoria"]
[Result "0-1"]
[WhiteElo "2147"]
[BlackElo "2274"]

1. e4 c5 2. Nf3 Nc6 3. d4 cxd4 4. Nxd4 Nf6 5. Nc3 e6 6. a3 Be7 7. Be3 d5 8. Bb5
Bd7 9. exd5 exd5 10. O-O O-O 11. Bd3 Re8 12. Re1 Bd6 13. h3 a6 14. Qf3 Be5 15.
Nxc6 Bxc6 16. Bg5 Qd6 17. Rad1 Re6 18. Bf5 d4 19. Ne4 Nxe4 20. Bxe4 Bh2+ 21. Kh1
Rae8 22. g3 Rxe4 23. Kxh2 Rxe1 24. Rxe1 Rxe1 0-1

[Event "AUTO-MASTER-2565"]
[Site "http://www.queenalice.com/game.php?id=1477011"]
[Date "2017.5.6"]
[Round "2"]
[White "sinTeoria"]
[Black "CCapivara"]
[Result "1-0"]
[WhiteElo "2265"]
[BlackElo "2173"]

1. d4 d6 2. e4 Nf6 3. Nc3 c6 4. Nf3 Bg4 5. Be2 Nbd7 6. O-O e5 7. Be3 Be7 8. Qd3
O-O 9. Rfd1 Qc7 10. h3 Bh5 11. g4 Bg6 12. Nh4 Rad8 13. g5 Nh5 14. Nxg6 fxg6 15.
Qc4+ d5 16. Nxd5 Qd6 17. dxe5 cxd5 18. exd6 dxc4 19. Bxc4+ Rf7 20. dxe7 1-0

[Event "I Classic Chess"]
[Site "http://www.queenalice.com/game.php?id=1480119"]
[Date "2017.5.28"]
[Round "3"]
[White "sinTeoria"]
[Black "tariann"]
[Result "1-0"]
[WhiteElo "2280"]
[BlackElo "2103"]

1. d4 d5 2. c4 c5 3. cxd5 Qxd5 4. e3 cxd4 5. Nc3 Qd8 6. exd4 e6 7. Nf3 Nf6 8.
Bc4 Nc6 9. O-O Be7 10. Bf4 O-O 11. Re1 a6 12. d5 exd5 13. Nxd5 Nxd5 14. Bxd5 Bc5
15. Rc1 Qb6 16. Rxc5 Qxc5 17. Bd6 Qb6 18. Bxf7+ Kh8 19. Bxf8 Bg4 20. Ba3 1-0

[Event "I Classic Chess"]
[Site "http://www.queenalice.com/game.php?id=1485793"]
[Date "2017.7.13"]
[Round "4"]
[White "Ivacir"]
[Black "sinTeoria"]
[Result "1/2-1/2"]
[WhiteElo "2100"]
[BlackElo "2314"]

1. e4 c5 2. Nf3 Nc6 3. d4 cxd4 4. Nxd4 Nf6 5. Nc3 e6 6. Ndb5 d6 7. Bf4 e5 8. Bg5
a6 9. Na3 Be7 10. Nc4 O-O 11. Bxf6 Bxf6 12. Qxd6 Be6 13. Nd5 Bxd5 14. exd5 Ne7
15. Rd1 b5 16. Qxd8 Rfxd8 17. Ne3 Rd6 18. c4 bxc4 19. Bxc4 Rad8 20. O-O e4 21.
Bb3 g6 22. g3 Nf5 23. Nxf5 gxf5 24. Rd2 Rb6 25. Rfd1 Be5 26. Rc2 Kg7 27. Rc6 Rd6
28. Rdc1 Bxb2 29. R1c4 Bf6 30. f3 1/2-1/2

[Event "AUTO-MASTER-2557"]
[Site "http://www.queenalice.com/game.php?id=1488714"]
[Date "2017.8.3"]
[Round "2"]
[White "Guilherme_Ottoni"]
[Black "sinTeoria"]
[Result "0-1"]
[WhiteElo "2137"]
[BlackElo "2303"]

1. e4 c5 2. Nf3 Nc6 3. Bb5 d6 4. O-O Bd7 5. Re1 Nf6 6. c3 a6 7. Ba4 b5 8. Bc2 e5
9. h3 Qb6 10. d3 Rd8 11. Bg5 Be7 12. a4 O-O 13. axb5 axb5 14. Nbd2 Ra8 15. Qe2
h6 16. Bh4 Nh5 17. Bxe7 Nf4 18. Qf1 Nxe7 19. Rxa8 Rxa8 20. Ra1 Rxa1 21. Qxa1 g5
22. Nf1 c4 23. d4 exd4 24. Nxd4 Nc6 25. Nxc6 Ne2+ 26. Kh2 Qxf2 27. Ne7+ Kf8 28.
Ne3 Qg3+ 29. Kh1 Qxe3 30. Nd5 Qf2 31. Qd1 Bxh3 32. Ne3 Qxe3 33. Qxd6+ Kg7 34.
Qe5+ Kh7 35. Qh2 Qc1+ 0-1

[Event "AUTO-MASTER-2557"]
[Site "http://www.queenalice.com/game.php?id=1488715"]
[Date "2017.8.3"]
[Round "2"]
[White "sinTeoria"]
[Black "Guilherme_Ottoni"]
[Result "1-0"]
[WhiteElo "2308"]
[BlackElo "2145"]

1. e4 c5 2. Nf3 d6 3. d4 cxd4 4. Nxd4 Nf6 5. Nc3 a6 6. Be3 e5 7. Nb3 Be7 8. f3
Be6 9. Qd2 O-O 10. O-O-O Nbd7 11. g4 Qc7 12. g5 Nh5 13. Kb1 Nb6 14. f4 Bg4 15.
Qf2 exf4 16. Bxb6 Qc6 17. Nd5 Bxg5 18. Be2 Bxe2 19. Qxe2 Nf6 20. Ne7+ 1-0

[Event "AUTO-MASTER-2557"]
[Site "http://www.queenalice.com/game.php?id=1488718"]
[Date "2017.8.3"]
[Round "2"]
[White "tariann"]
[Black "sinTeoria"]
[Result "0-1"]
[WhiteElo "2133"]
[BlackElo "2316"]

1. e4 c5 2. Nf3 Nc6 3. d4 cxd4 4. Nxd4 Nf6 5. Nc3 d6 6. Be2 e5 7. Nb3 Be7 8. O-O
Be6 9. Be3 O-O 10. Qd2 d5 11. exd5 Nxd5 12. Nxd5 Qxd5 13. Rfd1 Qxd2 14. Rxd2
Rad8 15. Rad1 Rxd2 16. Rxd2 b6 17. Bf3 Rc8 18. h3 f5 19. Bxc6 Rxc6 20. f3 f4 21.
Bf2 Bf5 22. g4 Bxc2 23. Rd7 Kf8 24. Rxa7 Bd1 25. Ra8+ Kf7 26. Ra7 Ke6 27. Rb7
Bxf3 28. Rxb6 Rxb6 29. Bxb6 Bc6 30. Nc5+ Kd5 31. Nd3 Bb5 32. Ne1 e4 33. Ng2 g5
34. b3 Bb4 35. Bd8 Bc5+ 36. Kh2 f3 37. Bxg5 f2 0-1

[Event "AUTO-MASTER-2557"]
[Site "http://www.queenalice.com/game.php?id=1488719"]
[Date "2017.8.3"]
[Round "2"]
[White "sinTeoria"]
[Black "tariann"]
[Result "1-0"]
[WhiteElo "2296"]
[BlackElo "2134"]

1. e4 e5 2. Nf3 Nc6 3. Bc4 Be7 4. d4 exd4 5. Nxd4 d6 6. Nxc6 bxc6 7. e5 d5 8.
Bd3 Bc5 9. Qh5 Ne7 10. O-O Ng6 11. Nc3 O-O 12. Kh1 Qh4 13. Bxg6 1-0

[Event "AUTO-MASTER-2557"]
[Site "http://www.queenalice.com/game.php?id=1488720"]
[Date "2017.8.3"]
[Round "2"]
[White "erig1969"]
[Black "sinTeoria"]
[Result "0-1"]
[WhiteElo "2004"]
[BlackElo "2313"]

1. d4 d5 2. c4 e6 3. cxd5 exd5 4. Nf3 Nf6 5. Bg5 c6 6. Bxf6 Qxf6 7. e3 Bd6 8.
Be2 Nd7 9. Nc3 Qe7 10. a3 O-O 11. O-O Nf6 12. h3 Re8 13. Qc2 Ne4 14. Bd3 f5 15.
Be2 Bd7 16. Qb3 Be6 17. Qc2 Bf7 18. Nxe4 fxe4 19. Nd2 Qg5 20. Qb3 b6 21. Qd1 c5
22. Re1 cxd4 23. Bb5 Rf8 24. Bd7 Rad8 25. Qg4 Qe5 26. exd4 Qh2+ 27. Kf1 h5 28.
Qf5 g6 29. Qf6 Rxd7 30. Qg5 Bf4 0-1

[Event "AUTO-MASTER-2557"]
[Site "http://www.queenalice.com/game.php?id=1488721"]
[Date "2017.8.3"]
[Round "2"]
[White "sinTeoria"]
[Black "erig1969"]
[Result "1-0"]
[WhiteElo "2310"]
[BlackElo "2003"]

1. e4 c5 2. Nf3 g6 3. d4 cxd4 4. Nxd4 Bg7 5. c4 Nc6 6. Be3 Qa5+ 7. Nc3 Nf6 8.
Nb3 Qd8 9. Be2 O-O 10. O-O b6 11. Qd2 d6 12. Rad1 Ng4 13. Bg5 Qe8 14. h3 Nf6 15.
Bxf6 Bxf6 16. Nd5 Qd8 17. Nxf6+ exf6 18. Qxd6 Bb7 19. f3 Ne5 20. c5 bxc5 21.
Nxc5 Rb8 22. Qxd8 Rfxd8 23. Rxd8+ 1-0

[Event "I Classic Chess"]
[Site "http://www.queenalice.com/game.php?id=1490135"]
[Date "2017.8.14"]
[Round "5"]
[White "sinTeoria"]
[Black "MSchatz"]
[Result "0-1"]
[WhiteElo "2315"]
[BlackElo "2086"]

1. d4 d5 2. c4 e6 3. Nc3 Nf6 4. Bg5 Nbd7 5. e3 Be7 6. Nf3 h6 7. Bh4 O-O 8. Rc1
dxc4 9. Bxc4 b6 10. O-O Bb7 0-1

[Event "AUTO-OPEN-3759"]
[Site "http://www.queenalice.com/game.php?id=1491425"]
[Date "2017.8.24"]
[Round "3"]
[White "rsgaspar"]
[Black "sinTeoria"]
[Result "0-1"]
[WhiteElo "2467"]
[BlackElo "2354"]

1. e4 c5 2. Nf3 Nc6 3. Bb5 d6 4. d4 cxd4 5. Nxd4 Bd7 6. Nc3 Nf6 7. O-O g6 8. Be3
Bg7 9. f3 O-O 10. Nxc6 Bxc6 11. Be2 Qc7 12. a4 d5 13. Nxd5 Nxd5 14. exd5 Rfd8
15. c3 Rxd5 16. Qc2 Rad8 17. Rad1 e6 18. b3 Qe5 19. Bxa7 Bh6 20. Rxd5 Rxd5 21.
Rd1 Rxd1+ 22. Bxd1 Qe1# 0-1

[Event "AUTO-OPEN-3759"]
[Site "http://www.queenalice.com/game.php?id=1491426"]
[Date "2017.8.24"]
[Round "3"]
[White "sinTeoria"]
[Black "rsgaspar"]
[Result "1-0"]
[WhiteElo "2376"]
[BlackElo "2470"]

1. d4 d5 2. c4 e6 3. Nc3 c6 4. e4 Be7 5. e5 Nd7 6. cxd5 exd5 7. Bd3 c5 8. Bc2
cxd4 9. Qxd4 Bc5 10. Qxd5 Ne7 11. Qe4 Nb6 12. Nf3 Bf5 13. Qe2 Bxc2 14. Qxc2 Bb4
15. O-O O-O 16. Ne4 Rc8 17. Qb3 Rc4 18. Rd1 Ned5 19. Qd3 Qc7 20. a3 Be7 21. Bg5
f6 22. exf6 gxf6 23. Bh6 Nf4 24. Qb3 Rf7 25. Re1 Ng6 26. Rad1 Qc6 27. Ng3 Qa4
28. Qa2 Rc8 29. Nf5 Qc4 30. Qb1 Kh8 31. b4 Qc7 32. N3d4 Rg8 33. Ne6 Qc6 34. Ng5
fxg5 35. Nxe7 Nxe7 36. Rxe7 Qxh6 37. Rxf7 Re8 38. Qa1+ Kg8 39. Rd6 Kxf7 40. Rxh6
Kg8 41. Rh5 1-0

[Event "AUTO-MASTER-2544"]
[Site "http://www.queenalice.com/game.php?id=1496634"]
[Date "2017.9.27"]
[Round "2"]
[White "sinTeoria"]
[Black "positionalgenius"]
[Result "1-0"]
[WhiteElo "2371"]
[BlackElo "2134"]

1. d4 d5 2. c4 dxc4 3. Nf3 e6 4. e3 a6 5. Bxc4 Nf6 6. O-O Be7 7. Nc3 O-O 8. e4
c5 9. dxc5 Bxc5 10. Bd3 Ng4 11. e5 Nc6 12. Bxh7+ Kh8 13. Qe2 Nxf2 14. Bc2 b5 15.
Rxf2 Bxf2+ 16. Qxf2 Bb7 17. Bg5 Qc7 18. Qh4+ 1-0

[Event "AUTO-MASTER-2544"]
[Site "http://www.queenalice.com/game.php?id=1496635"]
[Date "2017.9.27"]
[Round "2"]
[White "positionalgenius"]
[Black "sinTeoria"]
[Result "0-1"]
[WhiteElo "2129"]
[BlackElo "2391"]

1. e4 c5 2. Nf3 Nc6 3. d4 cxd4 4. Nxd4 Nf6 5. Nc3 e5 6. Ndb5 d6 7. Bg5 a6 8. Na3
b5 9. Bxf6 gxf6 10. Nd5 f5 11. Bd3 Be6 12. c3 Bg7 13. O-O O-O 14. f3 Bxd5 15.
exd5 Ne7 16. Rc1 Nxd5 17. Re1 Ne7 18. Qd2 d5 19. Rcd1 Qb6+ 20. Kh1 f4 21. g3
fxg3 22. hxg3 f5 23. Qg5 Rf6 24. Rxe5 Rg6 25. Qxe7 Qf2 0-1

[Event "AUTO-MASTER-2544"]
[Site "http://www.queenalice.com/game.php?id=1496636"]
[Date "2017.9.27"]
[Round "2"]
[White "sinTeoria"]
[Black "Alexandrovinsk"]
[Result "1-0"]
[WhiteElo "2342"]
[BlackElo "2149"]

1. d4 Nf6 2. c4 g6 3. Nc3 Bg7 4. e4 d6 5. Nf3 O-O 6. Be2 Nc6 7. d5 Nb8 8. Bg5 a6
9. O-O Bg4 10. Qd2 Nbd7 11. Rad1 Nc5 12. Qc2 a5 13. Nd4 Bc8 14. f4 Ng4 15. Qc1
Nf6 16. Qe3 h6 17. Bh4 Ng4 18. Qc1 e5 19. Bxd8 1-0

[Event "AUTO-MASTER-2544"]
[Site "http://www.queenalice.com/game.php?id=1496637"]
[Date "2017.9.27"]
[Round "2"]
[White "Alexandrovinsk"]
[Black "sinTeoria"]
[Result "0-1"]
[WhiteElo "2148"]
[BlackElo "2348"]

1. d4 d5 2. Nf3 Nf6 3. c4 e6 4. e3 Bd6 5. Bd3 dxc4 6. Bxc4 O-O 7. O-O c5 8. Nc3
a6 9. a4 Qc7 10. Qe2 Nc6 11. d5 exd5 12. Nxd5 Nxd5 13. Bxd5 Bg4 14. h3 Bh5 15.
Bd2 Rad8 16. Bxc6 Qxc6 17. g4 Bg6 18. Nh4 Bd3 19. Qe1 g5 20. Nf5 Qf3 21. e4 Bxe4
0-1

[Event "AUTO-OPEN-3746"]
[Site "http://www.queenalice.com/game.php?id=1497964"]
[Date "2017.10.8"]
[Round "3"]
[White "paloberto"]
[Black "sinTeoria"]
[Result "0-1"]
[WhiteElo "1891"]
[BlackElo "2369"]

1. d4 d5 2. c4 e6 3. Nc3 Nf6 4. Nf3 Be7 5. e3 O-O 6. Bd3 dxc4 7. Bxc4 a6 8. O-O
b5 9. Bb3 Bb7 10. Ne5 c5 11. Re1 Qc7 12. Nf3 Nc6 13. e4 cxd4 14. Nxd4 Rfd8 15.
Be3 Nxd4 16. Bxd4 e5 0-1

[Event "AUTO-OPEN-3746"]
[Site "http://www.queenalice.com/game.php?id=1497965"]
[Date "2017.10.8"]
[Round "3"]
[White "sinTeoria"]
[Black "paloberto"]
[Result "1-0"]
[WhiteElo "2370"]
[BlackElo "1855"]

1. d4 Nf6 2. c4 e6 3. Nc3 Bb4 4. Qc2 d5 5. e3 Nc6 6. Bd2 O-O 7. Nf3 Re8 8. a3
Bxc3 9. Bxc3 Ne4 10. Rd1 Nxc3 11. Qxc3 b6 12. cxd5 Qxd5 13. Bc4 Qd6 14. d5 Rd8
15. Bb3 Nb8 16. dxe6 1-0